| 000 | 00408pab a2200157 454500 | ||
|---|---|---|---|
| 008 | 180718b1993 xxu||||| |||| 00| 0 eng d | ||
| 100 | _aLinda Wong | ||
| 245 | _aCommunity care in China and Hong Kong. | ||
| 260 | _c1993 | ||
| 300 | _ao,159-76 | ||
| 362 | _aDec | ||
| 650 | _aCommunity life - China | ||
| 650 | _aMedical care - China | ||
| 773 | _aAsian Journal of Public Administration | ||
| 909 | _a28604 | ||
| 999 |
_c28604 _d28604 |
||